| 000 | 00387nam a22001337a 4500 | ||
|---|---|---|---|
| 008 | 170620b xxu||||| |||| 00| 0 eng d | ||
| 020 | _a9789951079778 | ||
| 041 | _aalb | ||
| 080 | _a617 | ||
| 100 | _a7 | ||
| 101 | _aSHM | ||
| 245 |
_aPERVOJA NE TRAJTIMIN E KALKULOZES BILIARE ME LAPAROSKOPI DHE ROLI I LAPAROSKOPISE NE TRAJTIMIN E RASTEVE TE AVANCUARA _cKRASNIQI, S |
||
| 942 |
_2udc _cBK |
||
| 999 |
_c18270 _d18270 |
||